000 00258nam a22001097a 4500
082 _a001
100 _aMalayala Manorma
_983585
245 _a MANORAMA Yearbook 2026
260 _aDelhi
_bMalayala Manorma
_c2026
650 _aGeneral book
_983586
942 _cBK
999 _c68529
_d68529